| 000 | 00591cam a2200205 4500 | ||
|---|---|---|---|
| 001 | ABS61978 | ||
| 008 | 000000n2000 000 0 eng u | ||
| 035 | _a(Sirsi) u104462 | ||
| 245 | _aRules of the House | ||
| 260 | _c2000 | ||
| 490 |
_aEstates Gazette _v0006 12 February 2000 162-163(2) |
||
| 520 | _aExplains the dual functions of the House of Lords as the upper legislative chamber and the highest appeal in the land. | ||
| 590 | _aABS | ||
| 650 | _aHOUSE OF LORDS | ||
| 650 | _aCONSTITUTION | ||
| 650 | _aPARLIAMENT | ||
| 650 | _aLEGISLATION | ||
| 690 | _aLAW | ||
| 942 | _n0 | ||
| 999 |
_c62667 _d62667 |
||